| 000 | 00737nam a22002177a 4500 | ||
|---|---|---|---|
| 001 | 63814 | ||
| 003 | UA-OsUOA | ||
| 005 | 20230306230543.0 | ||
| 007 | ta | ||
| 008 | 20091020b un ||||| |||| 00| 0 ukr d | ||
| 040 |
_aUA-OsUOA _brus _cUA-OsUOA _dUA-OsUOA |
||
| 041 | _arus | ||
| 080 | _a930.25 | ||
| 090 |
_a930.25 _bТ33 |
||
| 245 |
_aТеория и практика архивного дела в СССР _bучебное пособие _cпод ред. Г. А. Белова, А. И. Логиновой, К. Г. Митчева, Н. Р. Прокопенко |
||
| 260 |
_aМ. _bГАУ _c1958 |
||
| 300 | _a341 с. | ||
| 650 | 7 |
_a930.25 Архівознавство. Архівна справа _2UDC |
|
| 942 |
_cBK _2udc |
||
| 955 | _a2 | ||
| 999 |
_c349868 _d349868 |
||